| 000 | 02655nam a2200349 i 4500 | ||
|---|---|---|---|
| 001 | 000000664 | ||
| 003 | DO-SdBNP | ||
| 005 | 20240814094553.0 | ||
| 007 | ta | ||
| 008 | 090422s2007 mx a e 000 0 spa d | ||
| 020 | _a9687999195 (obra completa) (t. 1) | ||
| 040 |
_aDO-SdBNP _bspa _cBNPHU _erda |
||
| 082 |
_a465 _bB582 _222 |
||
| 245 | 0 | 3 |
_aLa Biblia de la gramática / _cequipo editorial, Carmen C. Cháves Reyes, Alvaro León de la Cruz. |
| 264 | 1 |
_aMéxico : _bLEXUS, _bLetrarte, _c2007. |
|
| 300 |
_a1037 páginas _bilustraciones _c28 cm. _ecd-rom. |
||
| 336 |
_2rdacontent _atexto _btxt |
||
| 337 |
_2rdamedia _asin mediación _bn |
||
| 338 |
_2rdacarrier _avolumen _bnc |
||
| 500 | _aPublicado también en CD-ROM | ||
| 500 | _aEn la cubierta LEXUS | ||
| 500 | _aIncluye glosario. | ||
| 505 | 0 |
_tPresentación -- _tLos inicios -- _tLa escritura -- _tEl abecedario castellano -- _tLenguaje -- _tComunicación, lenguaje y lengua -- _tEl español de América -- _tSonidos y fonemas -- _tFonética articulatoria y acútica -- _tEl sistema vocálico del castellano -- _tRelaciones entre los signos lingüísticos Unidades gramaticales: raíz y derivación -- _tClasificación de las palabras -- _tFormación de palabras -- _tNormas para el uso de las consonantes -- _tNormas para el uso de los signos de puntuación -- _tLa sílaba -- _tEl acento -- _tMorfosintaxis -- _tArtículo -- _tPronombre -- _tAdjetivo -- _tNombre o sustantivo -- _tAdverbio -- _tPreposición -- _tConjución -- _tInterjeción -- _tVerbo -- _tSintaxis -- _tOración -- _tElementos de la oración -- _tClases de oración según sus unidades -- _tLa oración simple -- _tLa oración compuesta -- _tFiguras de construcción -- _tConjugaciones -- _tCompendio -- _tParticularidad del lenguaje -- _tIncorrecciones y curiosidades -- _tAmericanismos -- _tUso de las palabras adecuadas Acento diacrítico -- _tVoces dudosas en cuanto a la mayúscula -- _tLocuciones castellanas -- _tLocuciones y frases latinas -- _tSinónimos y antónimos -- _tParonimia -- _tPalabras parónimas por la pronunciación -- _tPalabras parón imas por el acento -- _tHomófonos -- _tOnomatopeya -- _tLiteratura -- _tRedacción -- _tIntroducción a la literatura -- _tLiteratura latinoamericana -- _tLiteratura de México -- _tEjercicios -- _tRespuestas a ejercicios -- _tRespuestas. / |
|
| 590 | _aInventariado, 2024/ YL | ||
| 650 | 4 |
_aEspañol _xGramática _xEjercicios _92216 |
|
| 650 | 4 |
_aEspañol en américa _92217 |
|
| 650 | 4 |
_aEspañol _xPronunciación _92218 |
|
| 700 | 1 |
_aCháves Reyes, Carmen C. _92219 _eedición |
|
| 700 | 1 |
_aLeón de la Cruz, Alvaro _92220 _eedición |
|
| 910 | _aYLockward. Validado control de calidad/MAA | ||
| 942 |
_2ddc _cLBS1 |
||
| 999 |
_c660 _d660 |
||